• 首页
  • 本馆介绍
  • 公告通知
  • 最新文献
  • 馆藏检索
  • 电子资源
  • 读者导购
  • 参考咨询
  • 我的图书馆
  • 登录
  • 详细信息显示
  • 放入我的书架
  • 预约/预借图书
  • 作者相关作品
  • 分类相关作品
  • 丛书相关作品
  • 出版社相关作品

书目信息

  • 表格格式
  • 工作单格式
  • 卡片格式
题名:
调频广播用发射机与接收机
    
 
作者: 新田勇 , 荻原洋一 著 ;虞星 译
分册:  
出版信息: 北京   国防工业出版社  1978
页数: 176页
开本: 26cm
丛书名:
单 册:
中图分类: TN832
科图分类:
主题词: 调频发射机 , 调频接收机
电子资源:
ISBN:
000 00774nam0 2200253 45
001 0178001926
005 20060731082323.57
010    @dCNY1.25
091    @a15034.1696
100    @a19950728d1978 em y0chiy0121 ea
101 1  @achi@cjpn
102    @aCN@b110000
105    @ay z 000yy
200 10 @a调频广播用发射机与接收机@Atiao pin guang bo yong fa she ji yu jie shou ji@f(日)荻原洋一,新田勇著@F(ri)di yuan yang yi,xin tian yong zhu@g虞星译
210    @a北京@c国防工业出版社@d1978
215    @a176页@d26cm
606    @a调频发射机
606    @a调频接收机
690    @aTN832@v3 
701  0 @a新田勇@Axin tian yong@4著
701  0 @a荻原洋一@Adi yuan yang yi@4著
702  0 @a虞星@Ayu xing@4译
801  0 @aCN@bNLC@c20060731
905    @f2@b146572-573@dTN832@e29
    
    调频广播用发射机与接收机/(日)荻原洋一,新田勇著/虞星译.-北京:国防工业出版社,1978
    176页;26cm
    
    
    ISBN :CNY1.25
    
●
相关链接 在E读中查询图书 在五车中查询图书 在当当中查询图书 在豆瓣中查询图书


正题名:调频广播用发射机与接收机     索取号:TN832/29         预约/预借

序号 登录号 条形码 馆藏地/架位号 状态 备注
1 0146571   000701440   密集书库/ [索取号:TN832/29] 在馆    
2 0146572   001321616   第三借阅区/ [索取号:TN832/29] 在馆    
3 0146573   001321625   第三借阅区/ [索取号:TN832/29] 在馆    
4 0146574   001321607   第二样本阅览室/ [索取号:TN832/29] 在馆    
5 0438296   204382961   密集书库/ [索取号:TN832/29] 在馆    
6 0439045   204390453   密集书库/ [索取号:TN832/29] 在馆    
唐山师范学院图书馆 欢迎您!
大连网信软件有限公司© 版权所有